| 000 | 00831nam a22001937a 4500 | ||
|---|---|---|---|
| 999 |
_c371640 _d371640 |
||
| 008 | 201127b ||||| |||| 00| 0 eng d | ||
| 040 |
_aDE-2950 _bger _cDE-2950 _erda |
||
| 041 | _ager | ||
| 245 |
_aPläne für Aussichtsturm am Helenesee. _bNeues Ausflugsziel: Die Stadt Frankfurt und das Landesbergauamt planen den Bau eines Viewpoints samt Informationspavillon am derzeit gesperrten See. Bereits im kommenden Jahr soll es mit den Bauarbeiten dafür losgehen/ _cThomas Gutke |
||
| 264 | _c2022 | ||
| 653 | _aFrankfurt (Oder) | ||
| 653 | _aHelenesee | ||
| 653 | _aAussichtsturm | ||
| 773 |
_dFrankfurt (Oder) Märkisches Verlags- und Druckhaus GmbH & Co KG _tMärkische Oderzeitung _g33. Jahrgang (2022) Nr. 121 vom 25.05.2022, S. 15 |
||
| 942 | _cA | ||